Biggest Cities in the United States in 1930 - Statistics

General Stats
  • This quiz has been taken 10 times
  • The average score is 79 of 100
Answer Stats
Population State City % Correct
3,376,438 IL Chicago
100%
451,160 OH Cincinnati
100%
900,429 OH Cleveland
100%
290,564 OH Columbus
100%
1,568,662 MI Detroit
100%
164,072 CT Hartford
100%
316,715 NJ Jersey City
100%
399,746 MO Kansas City
100%
121,857 KS Kansas City
100%
1,238,048 CA Los Angeles
100%
162,655 CT New Haven
100%
6,930,446 NY New York
100%
185,389 OK Oklahoma City
100%
1,950,961 PA Philadelphia
100%
669,817 PA Pittsburgh
100%
182,929 VA Richmond
100%
157,995 CA San Diego
100%
634,394 CA San Francisco
100%
821,960 MO St. Louis
100%
290,718 OH Toledo
100%
123,356 NJ Trenton
100%
131,258 OK Tulsa
100%
255,040 OH Akron
88%
127,412 NY Albany
88%
270,366 GA Atlanta
88%
804,874 MD Baltimore
88%
259,678 AL Birmingham
88%
781,188 MA Boston
88%
146,716 CT Bridgeport
88%
573,076 NY Buffalo
88%
260,475 TX Dallas
88%
200,982 OH Dayton
88%
287,861 CO Denver
88%
168,592 MI Grand Rapids
88%
292,352 TX Houston
88%
364,161 IN Indianapolis
88%
307,745 KY Louisville
88%
253,143 TN Memphis
88%
110,637 FL Miami
88%
578,249 WI Milwaukee
88%
464,356 MN Minneapolis
88%
442,337 NJ Newark
88%
458,762 LA New Orleans
88%
214,006 NE Omaha
88%
301,815 OR Portland
88%
252,981 RI Providence
88%
328,132 NY Rochester
88%
93,750 CA Sacramento
88%
271,606 MN Saint Paul
88%
140,267 UT Salt Lake City
88%
231,542 TX San Antonio
88%
365,583 WA Seattle
88%
486,869 DC Washington
88%
195,311 MA Worcester
88%
92,563 PA Allentown
75%
118,700 NJ Camden
75%
142,559 IA Des Moines
75%
156,492 MI Flint
75%
114,946 IN Fort Wayne
75%
163,447 TX Fort Worth
75%
129,549 FL Jacksonville
75%
105,802 TN Knoxville
75%
153,866 TN Nashville
75%
129,710 VA Norfolk
75%
138,513 NJ Paterson
75%
104,969 IL Peoria
75%
85,864 IL Rockford
75%
143,433 PA Scranton
75%
115,514 WA Spokane
75%
149,900 MA Springfield
75%
209,326 NY Syracuse
75%
134,646 NY Yonkers
75%
170,002 OH Youngstown
75%
104,906 OH Canton
63%
119,798 TN Chattanooga
63%
101,463 MN Duluth
63%
114,589 NJ Elizabeth
63%
115,967 PA Erie
63%
100,426 IN Gary
63%
142,032 CA Long Beach
63%
100,234 MA Lowell
63%
102,320 MA Lynn
63%
111,171 PA Reading
63%
104,193 IN South Bend
63%
106,817 WA Tacoma
63%
101,161 FL Tampa
63%
101,740 NY Utica
63%
111,110 KS Wichita
63%
106,597 DE Wilmington
63%
113,643 MA Cambridge
50%
102,421 TX El Paso
50%
102,249 IN Evansville
50%
112,597 MA New Bedford
50%
284,063 CA Oakland
50%
95,692 NY Schenectady
50%
86,626 PA Wilkes-Barre
50%
88,979 NJ Bayonne
38%
115,274 MA Fall River
38%
103,908 MA Somerville
38%
99,902 CT Waterbury
38%
No matching quizzes found
Score Distribution
Percent of People with Each Score
Percentile by Number Answered
Your Score History
You have not taken this quiz